| 000 | 00466nam a2200181Ia 4500 | ||
|---|---|---|---|
| 005 | 20240517011841.0 | ||
| 008 | 240331s9999 xx 000 0 und d | ||
| 020 | _a0521238390 | ||
| 082 |
_bRUB _a335 |
||
| 245 | 0 |
_aRubel on Karl Marx : _bfive essays |
|
| 260 |
_aNew York _bCambridge University press _c1981 |
||
| 300 | _aix, 309 p ., | ||
| 650 | _aEconomic | ||
| 650 | _aSocial | ||
| 700 |
_ao' Malley, Joseph _eedt |
||
| 700 |
_aAlgozin, Keith _eedt |
||
| 942 | _cL | ||
| 999 |
_c2772 _d2772 |
||